Obsah koliformných baktérií a Escherichia coli v produktoch zo surového mlieka

Saved in:
Bibliographic Details
Main Author: Horečná, Mária (Author)
Other Authors: Liptáková, Denisa (Thesis advisor)
Format: Manuscript Book
Language:Slovak
Published: 2015
Subjects:
Online Access:http://is.stuba.sk/zp/portal_zp.pl?podrobnosti=102128
Tags: Add Tag
No Tags, Be the first to tag this record!

MARC

LEADER 00000ntm a22000003a 4500
001 stuzp52460
003 SK-STU
005 20160719154158.3
007 ta
008 150427s2015----xo-----f-mn---000-0-slo-d
040 |a STU  |b slo 
041 0 |a slo 
100 1 |a Horečná, Mária  |u 043360  |4 aut  |U FCHPT Ústav biochémie, výživy a ochrany zdravia  |T FCHPT Oddelenie výživy a hodnotenia potravín  |X 61426  |U C3360  |Y 114  |7 61426 
242 0 1 |a Coliforms and Eschcerichia coli contents in raw milk products  |y eng 
245 1 0 |a Obsah koliformných baktérií a Escherichia coli v produktoch zo surového mlieka 
260 |c 2015 
650 4 |a surové mlieko  |2 slo 
650 4 |a Escherichia coli  |2 slo 
650 4 |a koliformné baktérie  |2 slo 
650 4 |a syr  |2 slo 
650 4 |a raw milk  |2 eng 
650 4 |a Escherichia coli  |2 eng 
650 4 |a coliforms  |2 eng 
650 4 |a cheese  |2 eng 
700 1 |a Liptáková, Denisa  |4 ths  |X 3967  |7 A000003967 
856 4 |u http://is.stuba.sk/zp/portal_zp.pl?podrobnosti=102128 
SQL |a stuzp52460  |b DBP  |c SLO  |d Obsah koliformných baktérií a Escherichia coli v produktoch zo surového mlieka  |e 61426  |f Horečná, Mária  |g 043360  |h 3967  |i Liptáková, Denisa  |j 20150716  |k 520  |l 04  |m http://is.stuba.sk/zp/portal_zp.pl?podrobnosti=102128  |n B-oVYKOZ  |o 5.2.24. potravinárstvo